[Event "Mittelfranken-ch HT 54th"]
[Site "Forchheim"]
[Date "2005.03.22"]
[Round "2"]
[White "Liepold, Stefan"]
[Black "Hauernherm, Wolfgang"]
[Result "1-0"]
[WhiteElo "2222"]
[BlackElo "2113"]
[PlyCount "59"]
[EventDate "2005.03.22"]
[EventType "swiss"]
[EventRounds "9"]
[EventCountry "GER"]
[SourceTitle "EXT 2011"]
[Source "ChessBase"]
[SourceDate "2010.11.26"]
[SourceVersion "1"]
[SourceVersionDate "2010.11.26"]
[SourceQuality "1"]

1. e4 d6 2. d4 Nf6 3. Nc3 c6 4. f4 Qa5 5. e5 Ne4 6. Qf3 Nxc3 7. Bd2 Qd5 8. Qxc3 Bf5 9. Nf3 e6 10. Bd3 Bxd3 11. Qxd3 dxe5 12. fxe5 Be7 13. 0-0 Na6 14. c4 Qd7 15. Qe4 0-0-0 16. Rad1 f5 17. exf6 gxf6 18. Rfe1 Nc7 19. Ba5 b6 20. Bc3 Rdg8 21. Qc2 Rg6 22. Kh1 Rhg8 23. Re2 Bd6 24. Ne5 Bxe5 25. dxe5 Qf7 26. exf6 Ne8 27. Qe4 Kb7 28. Qxe6 Qxe6 29. Rxe6 Rf8 30. Rd7+ 1-0

[Event "Mittelfranken-ch HT 53rd"]
[Site "Lauf"]
[Date "2004.04.09"]
[Round "8"]
[White "Bildt, Thomas"]
[Black "Hauernherm, Wolfgang"]
[Result "0-1"]
[WhiteElo "1998"]
[BlackElo "2110"]
[PlyCount "40"]
[EventDate "2004.04.06"]
[EventType "swiss"]
[EventRounds "9"]
[EventCountry "GER"]
[SourceTitle "EXT 2011"]
[Source "ChessBase"]
[SourceDate "2010.11.26"]
[SourceVersion "1"]
[SourceVersionDate "2010.11.26"]
[SourceQuality "1"]

1. e4 d6 2. d4 Nf6 3. f3 Nbd7 4. Be3 c6 5. c4 e5 6. d5 Be7 7. Bd3 0-0 8. Nc3 Nc5 9. Nge2 Ne8 10. g4 Bg5 11. Bf2 Qf6 12. Ng3 g6 13. b4 Nxd3+ 14. Qxd3 a5 15. b5 c5 16. Ke2 Qd8 17. Nd1 Ng7 18. Ne3 b6 19. Ng2 f5 20. h4 fxg4 0-1